Obchodné vzťahy Ruskej federácie a Európskej únie

Pozadie rusko-európskych obchodných vzťahov. Ich štruktúra. Porovnanie celkového zahranično-obchodného obratu Ruskej federácie s obchodnou výmenou s Európskou úniou. Snahy o ekonomickú integráciu. Energetický dialóg.

Na minha lista:
Detalhes bibliográficos
Autor principal: Dorokhov, Denys
Formato: Capítulo de Livro
Idioma:eslovaco
Assuntos:
Tags: Adicionar Tag
Sem tags, seja o primeiro a adicionar uma tag!

MARC

LEADER 00000naa$a2200000$$$4500
001 0082317
005 20240502071926.4
041 0 |a slo 
044 |a SK 
245 1 0 |a Obchodné vzťahy Ruskej federácie a Európskej únie  |c Denys Dorokhov 
520 |a Pozadie rusko-európskych obchodných vzťahov. Ich štruktúra. Porovnanie celkového zahranično-obchodného obratu Ruskej federácie s obchodnou výmenou s Európskou úniou. Snahy o ekonomickú integráciu. Energetický dialóg. 
610 2 0 |a vzťahy obchodné 
610 2 0 |a Rusko 
610 2 0 |a Európska únia 
610 2 0 |a marketing medzinárodný 
610 2 0 |a obchod zahraničný 
610 2 0 |a politika medzinárodná 
610 2 0 |a integrácia ekonomická medzinárodná 
100 1 |a Dorokhov, Denys